000 00543nam a2200169Ia 4500
008 240729s9999 xx 000 0 und d
022 _a2684-8880
245 0 _aPillar of Physics Education: Jurnal Berkala Ilmiah Pendidikan Fisika
260 _aIndonesia
260 _bProdi. Pendidikan Fisika, FMIPA – Universitas Negeri Padang UNP
650 _a Education (General) | Science
650 _a Physics
650 _aEducation
856 _uhttps://doaj.org/toc/cb2b938f90ea4bb0b5bf148d0fe86fa1
942 _2ddc
942 _cDOAJEJ
999 _c73201
_d73201
945 _a1
_bMadushi Gamage
_c1
_dMadushi Gamage